000 00666nam a2200289Ia 4500
005 20260324135830.0
008 008 260324s9999 xx 000 0 eng d
020 _a9780429449260
037 _aEBOOK
040 _aCRL
040 _beng
040 _cCRL
041 _2eng
041 _aeng
084 _qCRL
100 _aJohn Goodwin
_91202089
245 0 _aMen's Work and Male Lives
245 0 _bMen and Work in Britain
260 _bTaylor and Francis
260 _c1999
365 _a
365 _b180
856 _uhttp://www.taylorfrancis.com/books/9780429449260
942 _cEBOOK
999 _c1803562
_d1803562